00000000nam##2200000za#4500
0019.601273
003CaOODSP
00520220623094113
007cr |||||||||||
008150406|2001||||xxc|||||o    f|0| 0 fre|d
040 |aCaOODSP|bfre
043 |an-cn---
0861 |aC21-23/27-2001F-PDF
1101 |aCanada. |bIndustrie Canada.
24513|aLa localisation des activités à plus grande valeur ajoutée : |h[ressource électronique]|bdocument hors série n° 27, avril 2001 / |cpar Steven Globerman.
260 |aOttawa - Ontario : |bIndustrie Canada |cAvril 2001.
300 |a61p.
4901 |aDocument hors série|vN° 27
500 |aLe n° de catalogue (C21-23/27-2001) et l'ISBN (0-662-65764-0) de l'édition imprimée bilingue ont été incorrectement copiés dans l'édition électronique.
504 |aBibliographie.
590 |a11-09-Supp|b2011-06-30
7201 |aGloberman, Steven
77508|tThe location of higher value-added activities : |w(CaOODSP)9.570626
7760#|tLa localisation des activités à plus grande valeur ajoutée / |w(CaOODSP)9.535131
7760#|tThe location of higher value-added activities / |w(CaOODSP)9.535130
830#0|aDocument hors série (Canada. Industrie Canada)|vN° 27|w(CaOODSP)9.501162
85640|ahttp://publications.gc.ca|qPDF|s177 Ko|uhttps://publications.gc.ca/collections/Collection/C21-23-27-2001F.pdf|yN° 27